000
00314nam a22001337a 4500
008
171127b xxu||||| |||| 00| 0 eng d
020
_a
9781402724091
041
_a
eng
080
_a
721
100
_a
41
101
_a
NDE
245
_a
INSULATING, SEALING & VENTILATING YOUR HOUSE
_c
SPENCE,W.P
942
_2
udc
_c
BK
999
_c
38541
_d
38541